Fr. Conceicao Rodrigues College of Engineering

Computer graphics with virtual reality systems (Record no. 17858)

MARC details
000 -LEADER
fixed length control field 00377nam a2200169Ia 4500
082 ## - DEWEY DECIMAL CLASSIFICATION NUMBER
Classification number 5.43
Item number MAU
100 ## - MAIN ENTRY--PERSONAL NAME
Personal name Maurya/Rajesh K
245 ## - TITLE STATEMENT
Title Computer graphics with virtual reality systems
260 ## - PUBLICATION, DISTRIBUTION, ETC.
Name of publisher, distributor, etc. Wiley India
Date of publication, distribution, etc. 2009
366 ## - TRADE AVAILABILITY INFORMATION
Publishers's discount category 25
300 ## - PHYSICAL DESCRIPTION
Extent 486
546 ## - LANGUAGE NOTE
Language note ENGLISH
650 ## - SUBJECT ADDED ENTRY--TOPICAL TERM
Topical term or geographic name entry element Computer graphics
654 ## - SUBJECT ADDED ENTRY--FACETED TOPICAL TERMS
Focus term virtual reality
942 ## - ADDED ENTRY ELEMENTS (KOHA)
Koha item type BOOK
Holdings
Withdrawn status Lost status Damaged status Not for loan Collection Home library Current library Date acquired Source of acquisition Cost, normal purchase price Inventory number Total Checkouts Full call number Barcode Date last seen Cost, replacement price Price effective from Koha item type
        CRC Fr. Agnel's C.Rodrigues College of Engineering Fr. Agnel's C.Rodrigues College of Engineering 17/03/2023 Milan Book Supplier 246.75 1934 dt 28/11/2009   5.43 MAU 20119 17/03/2023 329.00   BOOK
        CRC Fr. Agnel's C.Rodrigues College of Engineering Fr. Agnel's C.Rodrigues College of Engineering 17/03/2023 Milan Book Supplier 246.75 1934 dt 28/11/2009   5.43 MAU 20120 17/03/2023 329.00   BOOK
        CRC Fr. Agnel's C.Rodrigues College of Engineering Fr. Agnel's C.Rodrigues College of Engineering 17/03/2023 Milan Book Supplier 246.75 1934 dt 28/11/2009   5.43 MAU 20121 17/03/2023 329.00   BOOK
        CRC Fr. Agnel's C.Rodrigues College of Engineering Fr. Agnel's C.Rodrigues College of Engineering 17/03/2023 Milan Book Supplier 246.75 1934 dt 28/11/2009   5.43 MAU 20122 17/03/2023 329.00   BOOK
        CRC Fr. Agnel's C.Rodrigues College of Engineering Fr. Agnel's C.Rodrigues College of Engineering 17/03/2023 Milan Book Supplier 246.75 1934 dt 28/11/2009   5.43 MAU 20123 17/03/2023 329.00   BOOK